| 000 | 00627nam a22002177a 4500 | ||
|---|---|---|---|
| 999 |
_c14689 _d14689 |
||
| 003 | MIRAKIL | ||
| 005 | 20211216114345.0 | ||
| 008 | 211216b tu ||||| |||| 00| 0 tur d | ||
| 040 |
_aTR-AnCHP _cTR-AnCHP |
||
| 041 | _atur | ||
| 082 |
_a818.6 _bH36h1965 |
||
| 100 | _aHersey, John | ||
| 245 | 1 | 0 |
_aHiraşima / _cJohn Hersey ; çeviren : R. Tomris |
| 260 |
_aİstanbul: _bDe Yayınevi, _c1965. |
||
| 300 |
_a110 s.: _c19 sm. |
||
| 490 | 0 |
_aAnlatı dizisi ; _v3. |
|
| 650 | 0 |
_95245 _aİkinci Dünya Savaşı _xJaponya |
|
| 651 | 0 |
_95925 _aJaponya _xHiroşima _xAnılar |
|
| 700 |
_96882 _aTomris, R. _eçev. |
||
| 942 |
_2ddc _cBKS |
||